000 00703nam a2200205Ia 4500
003 OSt
005 20200922170711.0
008 191128t2010 ck ao gr 000 0 spa d
020 _a9789584467201
040 _aCO-JMCR
_cCO-JMCR
041 0 _aspa
082 0 4 _a918.61 /
_bM386c
_223
100 1 _aMartínez Vásquez, Oscar,
_eautor
_910677
245 1 0 _aCañón del Chicamocha :
_bun grito de la tierra /
_cOscar Martínez Vásquez
260 _aBucaramanga :
_bArmonía Impresores,
_c©2010
300 _a[101] páginas :
_bprincipalmente fotografías a color ;
_c29 cm.
650 1 4 _aChicamocha
_xhistoria
_zColombia
_910678
650 1 4 _aChicamocha
_xdescripción
_zColombia
_910679
942 _2ddc
_cBK
999 _c4531
_d4531